Glimpses on indin musicology/ (Record no. 162305)

MARC details
000 -LEADER
fixed length control field 00639nam a2200193 4500
005 - DATE AND TIME OF LATEST TRANSACTION
control field 20190309163122.0
010 ## - LCCN (DPL NO)
LC control number ENG-124863
020 ## - INTERNATIONAL STANDARD BOOK NUMBER
International Standard Book Number 9788174532923
Terms of availability 1295.00
035 ## - SYSTEM CONTROL NUMBER
System control number EN-108395
037 ## - SOURCE OF ACQUISITION
Source of stock number/acquisition DBAD/PUB
082 ## - DEWEY DECIMAL CLASSIFICATION NUMBER
Classification number 780.954
100 ## - MAIN ENTRY--PERSONAL NAME
Personal name Sharma,Lovely
245 ## - TITLE STATEMENT
Title Glimpses on indin musicology/
Statement of responsibility, etc by Lovely Sharma
260 ## - PUBLICATION, DISTRIBUTION, ETC. (IMPRINT)
Place of publication, distribution, etc New Delhi
Name of publisher, distributor, etc Sanjay Prakashan
Date of publication, distribution, etc 2017
270 ## - ADDRESS
Address 4378/4 B-209,JMD House Ansari Road,Daryaganj,
City New Delhi
Postal code 110002
Telephone number 011-23245808,41564415
Electronic mail address sanjayprakashan@yahoo.in
300 ## - PHYSICAL DESCRIPTION
Extent 312p.
Dimensions 22cm(Hb)
Other physical details ill.
500 ## - GENERAL NOTE
General note It includes bibliography
942 ## - ADDED ENTRY ELEMENTS (KOHA)
Source of classification or shelving scheme Dewey Decimal Classification
Item type English Books
Classification part 780.954
Call number suffix SHA
Holdings
Withdrawn status Lost status Not for loan Collection code Home library Current library Date acquired Source of acquisition Cost, normal purchase price Full call number Barcode Copy number Cost, replacement price Koha item type
      Non-fiction Shahdara Branch Shahdara Branch 09/03/2019 DBAD/PUB 1295.00 780.954 SHA EN-108395 1 1295.00 English Books

© Delhi Public Library
Hit Counter
free hit counter